[Event "Porticcio op 6th"]
[Site "Porticcio"]
[Date "2005.03.??"]
[Round "2"]
[White "Massoni, Michael"]
[Black "Maillet, Arsene"]
[Result "1-0"]
[WhiteElo "2026"]
[BlackElo "1850"]
[PlyCount "53"]
[EventDate "2005.03.??"]
[EventType "swiss"]
[EventRounds "7"]
[EventCountry "FRA"]
[SourceTitle "EXT 2007"]
[Source "ChessBase"]
[SourceDate "2006.11.23"]
[SourceVersion "1"]
[SourceVersionDate "2006.11.23"]
[SourceQuality "1"]

1. e4 c5 2. Nf3 e6 3. Nc3 a6 4. d4 cxd4 5. Nxd4 Qc7 6. Be2 Nf6 7. a3 Be7 8. 0-0 0-0 9. Be3 d6 10. f4 Nbd7 11. Qe1 b5 12. f5 e5 13. Nb3 Bb7 14. Bf3 Nc5 15. Nxc5 dxc5 16. g4 Rfd8 17. g5 Ne8 18. f6 gxf6 19. Qg3 fxg5 20. Bxg5 Kh8 21. Bh5 f6 22. Bh6 c4 23. Kh1 Bc5 24. Rg1 Bxg1 25. Rxg1 Nd6 26. Bg7+ Kg8 27. Bxf6+ 1-0